Welcome to CU Library Online Public Access Catalogue (OPAC)

Mathematics for economics and finance : (Record no. 5038)

MARC details
000 -LEADER
fixed length control field 00909cam a2200253 a 4500
001 - CONTROL NUMBER
control field 2577514
005 - DATE AND TIME OF LATEST TRANSACTION
control field 20250321121744.0
008 - FIXED-LENGTH DATA ELEMENTS--GENERAL INFORMATION
fixed length control field 960207s1996 enka 001 0 eng
020 ## - INTERNATIONAL STANDARD BOOK NUMBER
International Standard Book Number 0521551137
020 ## - INTERNATIONAL STANDARD BOOK NUMBER
International Standard Book Number 0521559138 (pbk.)
050 00 - LIBRARY OF CONGRESS CALL NUMBER
Classification number HB135
Item number .A62 1996
082 00 - DEWEY DECIMAL CLASSIFICATION NUMBER
Classification number 330
Edition information 20
100 1# - MAIN ENTRY--PERSONAL NAME
Personal name Anthony, Martin.
245 10 - TITLE STATEMENT
Title Mathematics for economics and finance :
Remainder of title methods and modelling /
Statement of responsibility, etc. Martin Anthony and Norman Biggs.
260 ## - PUBLICATION, DISTRIBUTION, ETC.
Place of publication, distribution, etc. Cambridge [England] ;
-- New York :
Name of publisher, distributor, etc. Cambridge University Press,
Date of publication, distribution, etc. 1996.
300 ## - PHYSICAL DESCRIPTION
Extent 394 p. :
Other physical details ill. ;
Dimensions 24 cm.
500 ## - GENERAL NOTE
General note Includes index.
650 #0 - SUBJECT ADDED ENTRY--TOPICAL TERM
Topical term or geographic name entry element Economics, Mathematical.
650 #0 - SUBJECT ADDED ENTRY--TOPICAL TERM
Topical term or geographic name entry element Finance
General subdivision Mathematical models.
700 1# - ADDED ENTRY--PERSONAL NAME
Personal name Biggs, Norman.
856 42 - ELECTRONIC LOCATION AND ACCESS
Materials specified Publisher description
Uniform Resource Identifier <a href="http://www.loc.gov/catdir/description/cam027/96001581.html">http://www.loc.gov/catdir/description/cam027/96001581.html</a>
856 41 - ELECTRONIC LOCATION AND ACCESS
Materials specified Table of contents
Uniform Resource Identifier <a href="http://www.loc.gov/catdir/toc/cam026/96001581.html">http://www.loc.gov/catdir/toc/cam026/96001581.html</a>
942 ## - ADDED ENTRY ELEMENTS (KOHA)
Source of classification or shelving scheme Library of Congress Classification
Koha item type Books
Suppress in OPAC No
999 ## -
-- 5038
-- 5038
Holdings
Withdrawn status Lost status Source of classification or shelving scheme Damaged status Not for loan Collection Home library Current library Shelving location Date acquired Total checkouts Full call number Barcode Date last seen Copy number Price effective from Koha item type
    Library of Congress Classification     Non-fiction Graduate Library (Christ Temple) Graduate Library (Christ Temple) General stacks 03/21/2025   HB 135.A 62 ANT GSCT00000734 03/21/2025 1 03/21/2025 Books
    Library of Congress Classification     Non-fiction Undergraduate Library (Christ Temple) Undergraduate Library (Christ Temple) General stacks 05/29/2025   HB135 ANT ulct00002729 05/29/2025 1 05/29/2025 Books
© 2023-2024 Copyright: Central University Libraries. All Rights Reserved | Created by: Mahone Tech Office